Представление документа в формате RUSMARC

ПолеНазваниеЗначение
  Тип записи a
  Библиографический уровень a
001 Контрольный номер RU/УОНБ/EK_KRAY/320910452
005 Дата корректировки 20250324122438.7
100 Данные общей обработки __
a Данные общей обработки 20070403d2007 u u0rusy0103 ba
101 Язык документа 0_
a Язык текста rus
200 Заглавие и сведения об ответственности 1_
a Заглавие Невостребованная память
e Сведения, относящиеся к заглавию публицистика
f Первые сведения об ответственности Ж. Миндубаев
210 Выходные данные 1_
d Дата издания 2007
461 Уровень набора _0
1 2001
a Литературный Ульяновск
463 Уровень физической единицы _0
1 2000
a № 1.
v С. 191-210.
1 210
d 2007
1 215
c ил., фото
610 Ключевые слова 0_
a Ключевые слова публицисты
610 Ключевые слова 0_
a Ключевые слова публицистика
686 Индексы других классификаций __
a Классификационный индекс 84-47
2 Код системы rubbk
700 Автор _1
a Фамилия Миндубаев
b Имя (инициалы) Ж.
801 Источник записи _0
a Страна RU
b Организация Ульяновская ОНБ
c Дата составления 20070403
g Правила каталогизации PSBO
801 Источник записи _1
a Страна RU
b Организация Ульяновская ОНБ
c Дата составления 20070403
901 Тип документа __
t Тип документа b
909 Создатель записи __
a Создатель записи
938 Служебная информация __
a Имя БД kraeved_work
b Имя библиотеки УОНБ
c Имя АИБС МАРК-SQL
d Номер DOC_ID в БД 54358